Govt. of
Madhya Pradesh

विचानपोथी (Record no. 25130)

MARC details
000 -LEADER
fixed length control field 005080000a22001690004500
003 - CONTROL NUMBER IDENTIFIER
control field MACL
005 - DATE AND TIME OF LATEST TRANSACTION
control field 20160209123225.0
008 - FIXED-LENGTH DATA ELEMENTS--GENERAL INFORMATION
fixed length control field 160209b xxu||||| |||| 00| 0 eng d
040 ## - CATALOGING SOURCE
Original cataloging agency MACL
Transcribing agency MACL
041 ## - LANGUAGE CODE
Language code of text/sound track or separate title Hindi
082 ## - DEWEY DECIMAL CLASSIFICATION NUMBER
Classification number 100
100 ## - MAIN ENTRY--PERSONAL NAME
Personal name विनोबा
9 (RLIN) 37424
245 ## - TITLE STATEMENT
Title विचानपोथी
260 ## - PUBLICATION, DISTRIBUTION, ETC. (IMPRINT)
Name of publisher, distributor, etc. सस्‍तासाहित्‍य मंडल प्रकाशन
Date of publication, distribution, etc. 1956
Place of publication, distribution, etc. नई दिल्‍ली
650 ## - SUBJECT ADDED ENTRY--TOPICAL TERM
Topical term or geographic name as entry element Philisophy
9 (RLIN) 37426
942 ## - ADDED ENTRY ELEMENTS (KOHA)
Koha item type Hindi Books
Call number prefix 100
Source of classification or shelving scheme
Holdings
Withdrawn status Lost status Source of classification or shelving scheme Damaged status Not for loan Home library Current library Date acquired Total Checkouts Full call number Barcode Date last seen Uniform Resource Identifier Price effective from Koha item type
          MACL MACL 09/02/2016   100 CLH007738 29/04/2015 25168 15/04/2015 Books